000 00394nam a2200145Ia 4500
008 210210b1982 xxu||||| |||| 00| 0 eng d
082 _a340.59 HIDM
100 _aHIDAYATULLAH (M) and HIDAYATULLA (Arshad).
245 _aMulla principles of Mahomedan law. Ed 18.
250 _a
260 _aBombay.
_bN. M. Tripathi Pvt Ltd.,
_c1982
300 _aix,424
690 _aLaw
906 _aSG01940
999 _c113469
_d113469